000 00495nam a2200181Ia 4500
008 151018s9999 xx 000 0 und d
082 _bRBASDV37639
_a891.463
100 _aअनंत तिबिले
245 _aविकृत
250 _b1
260 _bमंगलदिप
_c2004
300 _a149
600 _aअनंत तिबिले
630 _aविकृत
700 _aअनंत तिबिले
730 _aविकृत
942 _cBOOK
999 _c1037057
_d1037054